Detection of Lipophilic Metabolites in Oleaginous Microorganisms by Attenuated Total Reflection - Fourier Transform Infrared Spectroscopy

Enregistré dans:
Détails bibliographiques
Auteur principal: Guttenová, Margaréta (Auteur)
Autres auteurs: Čertík, Milan (Directeur de thèse)
Format: Manuscrit Livre
Langue:slovaque
anglais
Publié: 2018
Sujets:
Accès en ligne:http://is.stuba.sk/zp/portal_zp.pl?podrobnosti=125271
Tags: Ajouter un tag
Pas de tags, Soyez le premier à ajouter un tag!

MARC

LEADER 00000ntm a22000003a 4500
001 stuzp69954
003 SK-STU
005 20180602211528.8
007 ta
008 150427s2015----xo-----f-mn---000-0-slo-d
040 |a STU  |b slo 
041 0 |a eng 
100 1 |a Guttenová, Margaréta  |u 044000  |4 aut  |U FCHPT Fakulta chemickej a potravinárskej technológie  |T FCHPT Ústav biotechnológie  |X 42493  |U C4000  |Y 102  |7 42493 
242 0 1 |a Detekcia lipofilných metabolitov v tukotvorných mikroorganizmoch pomocou ATR-FTIR spektoskopie  |y slo 
245 1 0 |a Detection of Lipophilic Metabolites in Oleaginous Microorganisms by Attenuated Total Reflection - Fourier Transform Infrared Spectroscopy 
260 |c 2018 
650 4 |a polosuché fermentácie  |2 slo 
650 4 |a vláknité tukotvorné huby  |2 slo 
650 4 |a FTIR-spektroskopia  |2 slo 
650 4 |a polynenasýtené mastné kyseliny  |2 slo 
650 4 |a oleaginous filamentous fungi  |2 eng 
650 4 |a solid-state fermentation  |2 eng 
650 4 |a FTIR spectroscopy  |2 eng 
650 4 |a polyunsaturated fatty acids  |2 eng 
700 1 |a Čertík, Milan  |u 044000  |k Z1  |4 ths  |U FCHPT Fakulta chemickej a potravinárskej technológie  |T FCHPT Ústav biotechnológie  |X 3922  |U C4000  |Y 102  |7 A000003922 
856 4 |u http://is.stuba.sk/zp/portal_zp.pl?podrobnosti=125271